Coupe du Monde 2018: les 32 qualifiés (en Anglais, Espagnol, Italien et Allemand) - Statistiques

Statistiques générales
  • Ce quiz a été pris 243 fois
    204 depuis la dernière actualisation
  • Le résultat moyen est 43 sur 94
Statistiques - réponses
Réponse % Correct
France
89%
England
87%
Germany
87%
Argentina
85%
Iran
85%
Irán
85%
Australia
84%
Colombia
84%
Costa Rica
83%
Russia
83%
Nigeria
82%
Panama
82%
Panamá
82%
Portugal
82%
Croatia
81%
Mexico
81%
México
81%
Senegal
81%
Belgium
80%
Serbia
80%
Spain
80%
Tunisia
80%
Uruguay
80%
Egypt
78%
Francia
78%
Japan
76%
Brasil
74%
Island
74%
Brazil
72%
Peru
72%
Perú
72%
Perù
72%
Sweden
71%
South Korea
69%
España
66%
Switzerland
65%
Morocco
64%
Poland
63%
Deutschland
58%
Japón
57%
Iceland
56%
Denmark
52%
Saudi Arabia
51%
Dänemark
50%
Bélgica
47%
Frankreich
47%
Alemania
44%
Polonia
44%
Islandia
40%
Germania
38%
Marocco
38%
Islanda
31%
Inglaterra
28%
Spagna
28%
Corea del Sur
26%
Corea del Sud
25%
Schweiz
25%
Rusia
23%
Australien
22%
Spanien
22%
Svizzera
22%
Brasile
21%
Croacia
20%
Inghilterra
20%
Portogallo
20%
Serbien
20%
Suecia
20%
Belgien
19%
Croazia
19%
Marruecos
19%
Belgio
18%
Dinamarca
18%
Russland
18%
Brasilien
17%
Giappone
17%
Messico
17%
Argentinien
16%
Polen
16%
Südkorea
16%
Suiza
16%
Svezia
16%
Arabia Saudita
15%
Danimarca
13%
Egipto
13%
Kroatien
13%
Schweden
13%
Ägypten
11%
Egitto
11%
Mexiko
10%
Saudi-Arabien
9%
Túnez
9%
Kolumbien
8%
Marokko
8%
Tunesien
5%
Aucun quiz correspondant
Distribution des résultats
% des personnes avec chaque résultat
Percentile par nombre de réponses
Votre historique - résultats
Vous n’avez pas pris ce quiz depuis la dernière actualisation